Meetei law and usage / (Record no. 7495)

MARC details
000 -LEADER
fixed length control field 01103nam a2200301 a 4500
001 - CONTROL NUMBER
control field 1574969
003 - CONTROL NUMBER IDENTIFIER
control field GBCCL
005 - DATE AND TIME OF LATEST TRANSACTION
control field 20241126110629.0
008 - FIXED-LENGTH DATA ELEMENTS--GENERAL INFORMATION
fixed length control field 920710s1988 ii b 001 0 eng
010 ## -
-- 92902204
025 ## - OVERSEAS ACQUISITION NUMBER
Overseas acquisition number I-E-68314
040 ## - CATALOGING SOURCE
Original cataloging agency DLC
Transcribing agency DLC
Modifying agency DLC
043 ## -
-- a-ii---
050 00 -
-- KNS397
-- .M36 1988
082 00 - DEWEY DECIMAL CLASSIFICATION NUMBER
Classification number 340.1150954
Edition information 20
Item number MAN
100 1# - MAIN ENTRY--PERSONAL NAME
Personal name Mangang, Sanabam Raghumani.
9 (RLIN) 13242
245 10 - TITLE STATEMENT
Title Meetei law and usage /
Statement of responsibility, etc. Sanabam Raghumani Mangang.
250 ## - EDITION STATEMENT
Edition statement 1st ed.
260 ## - PUBLICATION, DISTRIBUTION, ETC.
Place of publication, distribution, etc. Imphal, Manipur, India :
Name of publisher, distributor, etc. Lanmei Thanbee Pub. Association,
Date of publication, distribution, etc. 1988.
300 ## - PHYSICAL DESCRIPTION
Extent v, 149, xxi p. ;
Dimensions 22 cm.
500 ## - GENERAL NOTE
General note Part of the author's thesis (Ph. D.--Kurukshetra University, Haryana, 1985) under the title: Jurisprudential study of the interaction of Meetei customary law and Hindu law.
500 ## - GENERAL NOTE
General note Includes index.
504 ## - BIBLIOGRAPHY, ETC. NOTE
Bibliography, etc. note Includes bibliographical references (p. [i]-vi).
650 #0 - SUBJECT ADDED ENTRY--TOPICAL TERM
Topical term or geographic name entry element Law, Meithei (Indic people)
9 (RLIN) 13243
906 ## - LOCAL DATA ELEMENT F, LDF (RLIN)
a 7
b cbc
c orignew
d 3
e ncip
f 19
g y-gencatlg
942 ## - ADDED ENTRY ELEMENTS (KOHA)
Source of classification or shelving scheme Dewey Decimal Classification
Koha item type Books
Holdings
Withdrawn status Lost status Source of classification or shelving scheme Damaged status Not for loan Home library Current Library Shelving location Date acquired Total checkouts Full call number Barcode Date last seen Copy number Price effective from Koha item type
    Dewey Decimal Classification     GRACE BIBLE COLLEGE GRACE BIBLE COLLEGE North East Collection 2018-08-16   340.1150954 MAN 002687 2025-05-01 c.1 2018-08-16 Books
© Grace Bible College Library 2025